| 000 | 00486nam a2200169 a 4500 | ||
|---|---|---|---|
| 005 | 20140412111323.0 | ||
| 008 | 001113s19uu xx 00 eng d | ||
| 020 | _a0-7097-0871-8 | ||
| 050 |
_aER _bCi48 1993 |
||
| 245 |
_aCinderella / _cillustrated by Jenny Press; text by Deborah Campbell-Todd. |
||
| 260 |
_aEngland : _bBrown Watson, _c199?. |
||
| 300 | _a[6] p. ; ill. | ||
| 440 | _aFairy Tale Collection Series | ||
| 650 | _aFairy tales | ||
| 650 | _aFolklore | ||
| 999 |
_c104466 _d104466 |
||